00359 2200157 4500001002100000005001500021035002000036245002300056100001500079300001200094260003900106082000800145084001400153020002200167990001200189INLIS00000000000177820250506084027 a0010-05250000701 aRaya /cInge Shafa0 aInge Shafa a266 hlm aYogyakarta :bBentang Belia,c2019 a800 a800 ING r a978-602-430-472-0 a0754589